Normal view
MARC view
Entry Personal Name
001 - CONTROL NUMBER
- control field: 48083
003 - CONTROL NUMBER IDENTIFIER
- control field: dpl
005 - DATE AND TIME OF LATEST TRANSACTION
- control field: 20120529103957.0
008 - FIXED-LENGTH DATA ELEMENTS
- fixed length control field: 120529|||a|||||| | ||| d
040 ## - CATALOGING SOURCE
- Original cataloging agency: dpl
- Transcribing agency: dpl
100 ## - HEADING--PERSONAL NAME
- Personal name: कश्यप, ओमप्रकाश
670 ## - SOURCE DATA FOUND
- Source citation: Work cat.: (dpl): कश्यप, ओमप्रकाश, आइंस्टाइन और आपेक्षिकता का सिद्धांत /, 1999
670 ## - SOURCE DATA FOUND
- Source citation: Work cat.: (dpl): कश्यप, ओमप्रकाश, आइंस्टाइन और आपेक्षिकता का सिद्धांत /, 1999
